[Event "Europa ch Femenino 2013"]
[Site "Belgrado SER"]
[Date "2013.07.28"]
[Round "6.49"]
[White "Tarasova, Viktoriya"]
[Black "Baraeva, Marina"]
[Result "1/2-1/2"]
[WhiteElo "2300"]
[BlackElo "2185"]
[PlyCount "87"]
[EventDate "2013.07.23"]
[EventType "swiss"]
[EventRounds "11"]
[EventCountry "SER"]
[Source "lmi"]
[SourceDate "2013.07.22"]

1. d4 d5 2. c4 c6 3. Nf3 Nf6 4. Nc3 dxc4 5. a4 Bf5 6. e3 e6 7. Bxc4 Bb4 8. O-O
O-O 9. Nh4 Nbd7 10. h3 Bg6 11. Nxg6 hxg6 12. Qc2 Qe7 13. a5 Rac8 14. Rd1 Rfd8
15. Be2 c5 16. a6 b6 17. Qb3 Nb8 18. Na2 Ba5 19. Qa4 Qc7 20. b3 Nd5 21. Bb2 Nb4
22. Nxb4 Bxb4 23. Rac1 Qe7 24. Bf3 Nd7 25. dxc5 bxc5 26. Bb7 Rc7 27. Qa1 f6 28.
Qb1 Nf8 29. Rxd8 Qxd8 30. Rd1 Rd7 31. Rxd7 Qxd7 32. Qc2 Kf7 33. Kh2 Qd6+ 34. g3
Nd7 35. Kg2 Ne5 36. Bxe5 Qxe5 37. Qd3 Qc7 38. h4 f5 39. Bf3 Ba5 40. Qb5 Bb6 41.
Bc6 Qd8 42. Bf3 Qd6 43. Bc6 Qd8 44. Bf3 1/2-1/2

[Event "Europa ch Femenino 2013"]
[Site "Belgrado SER"]
[Date "2013.07.28"]
[Round "6.50"]
[White "Franciskovic, Borka"]
[Black "Makka, Ioulia"]
[Result "1-0"]
[WhiteElo "2277"]
[BlackElo "2171"]
[PlyCount "103"]
[EventDate "2013.07.23"]
[EventType "swiss"]
[EventRounds "11"]
[EventCountry "SER"]
[Source "lmi"]
[SourceDate "2013.07.22"]

1. Nf3 Nf6 2. g3 d5 3. Bg2 Bg4 4. c4 c6 5. Ne5 Be6 6. cxd5 Bxd5 7. Nf3 c5 8.
Nc3 Bc6 9. O-O e6 10. d4 Nbd7 11. Ne5 Bxg2 12. Kxg2 cxd4 13. Qxd4 Qb6 14. Qa4
Qb4 15. Nxd7 Nxd7 16. Be3 Qxa4 17. Nxa4 Nf6 18. Rac1 Nd5 19. Bd4 b6 20. e4 Nb4
21. a3 e5 22. Be3 Na6 23. b4 Bd6 24. Nb2 O-O 25. Nc4 Bb8 26. Rfd1 f6 27. Rd7
Nc7 28. f4 exf4 29. gxf4 Ne6 30. f5 Nd8 31. Rcd1 Nc6 32. Rb7 Rd8 33. Rdd7 Rxd7
34. Rxd7 Be5 35. b5 Nd8 36. Nxe5 fxe5 37. a4 Nf7 38. Kf3 Kf8 39. h4 g6 40. f6
h5 41. a5 bxa5 42. Bxa7 g5 43. b6 g4+ 44. Ke3 Nd8 45. b7 Nxb7 46. Rxb7 Rc8 47.
Bb8 Rc3+ 48. Kd2 Rc6 49. Bxe5 Re6 50. Bd4 Rc6 51. e5 g3 52. e6 1-0

[Event "Europa ch Femenino 2013"]
[Site "Belgrado SER"]
[Date "2013.07.28"]
[Round "6.51"]
[White "Coimbra, Margarida"]
[Black "Mamedjarova, Turkan"]
[Result "1/2-1/2"]
[WhiteElo "2093"]
[BlackElo "2267"]
[PlyCount "113"]
[EventDate "2013.07.23"]
[EventType "swiss"]
[EventRounds "11"]
[EventCountry "SER"]
[Source "lmi"]
[SourceDate "2013.07.22"]

1. e4 e5 2. Nf3 Nc6 3. d4 exd4 4. Nxd4 Bc5 5. Be3 Qf6 6. c3 Nge7 7. Bc4 Ne5 8.
Be2 d5 9. O-O O-O 10. f4 N5c6 11. e5 Qh6 12. Qd2 Bxd4 13. cxd4 f5 14. Nc3 a6
15. Rac1 Kh8 16. Na4 b6 17. b4 Bd7 18. Nb2 Rfc8 19. a4 Nd8 20. Rc2 Ne6 21. Rfc1
Qg6 22. Qd1 Qe8 23. Rc3 a5 24. b5 c6 25. bxc6 Nxc6 26. Bf3 Nb4 27. Qb3 Rxc3 28.
Rxc3 Bc6 29. Qd1 Qd7 30. g4 fxg4 31. Bxg4 g6 32. Bf2 Rf8 33. Rf3 Qe7 34. Bg3
Ng7 35. Qe1 Nf5 36. Bxf5 Rxf5 37. Bh4 Qe6 38. Qf2 Rh5 39. Bf6+ Kg8 40. Qg3 Qf5
41. Nd1 Qe4 42. Ne3 Bd7 43. f5 Bxf5 44. Nxf5 Rxf5 45. Rxf5 Qxf5 46. Qe3 Qg4+
47. Kf2 Nc6 48. Qh6 Qxd4+ 49. Ke2 Qc4+ 50. Kf2 Qc5+ 51. Kg2 Qc2+ 52. Kg1 Qd1+
53. Kf2 Qd4+ 54. Ke2 Qg4+ 55. Kf2 Qf5+ 56. Kg1 Qg4+ 57. Kf2 1/2-1/2

[Event "Europa ch Femenino 2013"]
[Site "Belgrado SER"]
[Date "2013.07.28"]
[Round "6.52"]
[White "Chelushkina, Irina"]
[Black "Ibrahimova, Sabina"]
[Result "1-0"]
[WhiteElo "2265"]
[BlackElo "2168"]
[PlyCount "73"]
[EventDate "2013.07.23"]
[EventType "swiss"]
[EventRounds "11"]
[EventCountry "SER"]
[Source "lmi"]
[SourceDate "2013.07.22"]

1. g3 c5 2. Bg2 Nc6 3. c4 g6 4. Nc3 Bg7 5. d3 e6 6. e4 Nge7 7. Nge2 O-O 8. O-O
a6 9. Rb1 Rb8 10. a4 d6 11. Be3 e5 12. Kh1 Be6 13. f4 Qd7 14. Nd5 f5 15. fxe5
Nxe5 16. Nxe7+ Qxe7 17. Nf4 fxe4 18. Bxe4 Bg4 19. Qc2 Qd7 20. b3 Rbe8 21. b4
cxb4 22. c5 Bf5 23. cxd6 Qxd6 24. Bc5 Bxe4+ 25. dxe4 Qc6 26. Rfc1 Rf7 27. Rxb4
Rc8 28. Rb6 Qd7 29. Qb3 Qd2 30. Rd1 Qa5 31. Bd4 Rd8 32. Nd5 Kh8 33. Re6 Ng4 34.
Bb6 Rf1+ 35. Rxf1 Qd2 36. Bg1 Bd4 37. Qd1 1-0

[Event "Europa ch Femenino 2013"]
[Site "Belgrado SER"]
[Date "2013.07.28"]
[Round "6.53"]
[White "Zakurdjaeva, Irina"]
[Black "Golubeva, Oksana"]
[Result "1-0"]
[WhiteElo "2291"]
[BlackElo "2149"]
[PlyCount "75"]
[EventDate "2013.07.23"]
[EventType "swiss"]
[EventRounds "11"]
[EventCountry "SER"]
[Source "lmi"]
[SourceDate "2013.07.22"]

1. e4 e6 2. d4 d5 3. Nc3 Bb4 4. e5 c5 5. a3 Bxc3+ 6. bxc3 Ne7 7. Qg4 cxd4 8.
Qxg7 Rg8 9. Qxh7 Nbc6 10. f4 Qc7 11. Qd3 dxc3 12. Ne2 Bd7 13. h4 Nf5 14. h5
O-O-O 15. Rb1 d4 16. Rg1 f6 17. exf6 e5 18. g4 e4 19. Qxe4 d3 20. Qxd3 Be6 21.
Qxc3 Nh4 22. f5 Ba2 23. Rb2 Bd5 24. Bf4 Qf7 25. Kf2 Nf3 26. Rg3 Ng5 27. Bxg5
Rxg5 28. Nf4 Rgg8 29. Nxd5 Qxd5 30. f7 Rgf8 31. Bg2 Qd6 32. Rd3 Qf4+ 33. Bf3
Rxf7 34. Rxb7 Qh2+ 35. Kf1 Qh3+ 36. Bg2 Rxf5+ 37. gxf5 Qxf5+ 38. Kg1 1-0

[Event "Europa ch Femenino 2013"]
[Site "Belgrado SER"]
[Date "2013.07.28"]
[Round "6.54"]
[White "Stjazhkina, Olga"]
[Black "Petrovic, Marija"]
[Result "1/2-1/2"]
[WhiteElo "2243"]
[BlackElo "2104"]
[PlyCount "150"]
[EventDate "2013.07.23"]
[EventType "swiss"]
[EventRounds "11"]
[EventCountry "SER"]
[Source "lmi"]
[SourceDate "2013.07.22"]

1. e4 d5 2. exd5 Qxd5 3. Nc3 Qd6 4. d4 Nf6 5. Nf3 a6 6. g3 b5 7. Bg2 Bb7 8. O-O
e6 9. Bf4 Qb6 10. a4 b4 11. a5 Qa7 12. Na4 Nd5 13. Bd2 Nd7 14. c4 bxc3 15. bxc3
N5f6 16. c4 Be7 17. Be3 Rd8 18. Rb1 O-O 19. Qe2 Qa8 20. Rfd1 Be4 21. Rb2 Rb8
22. Rxb8 Rxb8 23. Nc3 Bc6 24. d5 exd5 25. Nd4 Bb7 26. Nf5 Bf8 27. cxd5 Re8 28.
Qc4 Qc8 29. Nd4 Ne5 30. Qb3 Ba8 31. Nc6 Neg4 32. Bd4 Qf5 33. h3 Nh6 34. Qc4 Bb7
35. Be3 Bd6 36. Bc5 Qh5 37. Bxd6 cxd6 38. Rb1 g5 39. Qb4 Bc8 40. Qxd6 Kg7 41.
g4 Qg6 42. Qc5 Nhg8 43. d6 h5 44. Ne5 Qh7 45. Qd4 Be6 46. Rd1 hxg4 47. Nxg4 Qf5
48. Ne4 Rd8 49. Rd3 Qf4 50. Ngxf6 Nxf6 51. Rf3 Rxd6 52. Qxf6+ Qxf6 53. Nxf6
Rd1+ 54. Kh2 Ra1 55. Ne8+ Kg8 56. Nc7 Bc8 57. Re3 Kg7 58. Re5 Kf6 59. Rc5 Kg6
60. Rc6+ Kf5 61. Nxa6 Rxa5 62. Rxc8 Rxa6 63. Rc5+ Kf4 64. Bc6 f5 65. Kg2 Rb6
66. Bd7 Rf6 67. Rxf5+ Rxf5 68. Bxf5 Kxf5 69. Kf3 Kg6 70. Kg3 Kf5 71. Kf3 Kf6
72. Kg4 Kg6 73. f3 Kf6 74. h4 gxh4 75. Kxh4 Kf5 1/2-1/2

[Event "Europa ch Femenino 2013"]
[Site "Belgrado SER"]
[Date "2013.07.28"]
[Round "6.55"]
[White "Bogumil, Tatiana"]
[Black "Abdulla, Khayala"]
[Result "0-1"]
[WhiteElo "2084"]
[BlackElo "2241"]
[PlyCount "128"]
[EventDate "2013.07.23"]
[EventType "swiss"]
[EventRounds "11"]
[EventCountry "SER"]
[Source "lmi"]
[SourceDate "2013.07.22"]

1. Nf3 Nf6 2. c4 c5 3. g3 b6 4. Bg2 Bb7 5. d4 cxd4 6. Qxd4 e6 7. O-O Be7 8. Nc3
d6 9. Rd1 a6 10. b3 Nbd7 11. Bb2 O-O 12. h3 Qc7 13. g4 h6 14. e4 Rfd8 15. Qe3
Nc5 16. Nd4 Ne8 17. f4 Bf8 18. Rd2 e5 19. Nde2 Ne6 20. Nd5 Bxd5 21. exd5 Nxf4
22. Nxf4 exf4 23. Qxf4 Be7 24. Re2 Bf6 25. Rf1 Bxb2 26. Rxb2 Nf6 27. h4 Qe7 28.
Rbf2 Ra7 29. Qd4 Rf8 30. Rf5 Nd7 31. g5 hxg5 32. Rxg5 f6 33. Rg3 Qe5 34. Qg4 f5
35. Qg5 f4 36. Rgf3 Rf5 37. Qd8+ Rf8 38. Qg5 Rf5 39. Qd8+ Rf8 40. Qg5 Rf5 41.
Qd8+ Kh7 42. Bh3 Rf8 43. Qg5 Qxg5+ 44. hxg5 Ne5 45. R3f2 f3 46. Be6 Kg6 47. Kh2
Kxg5 48. Kg3 Rh8 49. Rd2 g6 50. Rd4 Rah7 51. Rd2 Rh1 52. Rfd1 R8h2 53. Rxh2
Rxd1 54. Rh8 Rg1+ 55. Kf2 Rg2+ 56. Ke3 Re2+ 57. Kd4 Kf4 58. Rf8+ Kg3 59. b4 f2
60. c5 bxc5+ 61. bxc5 Nf3+ 62. Rxf3+ Kxf3 63. Bh3 Rd2+ 64. Kc3 Rxd5 0-1

[Event "Europa ch Femenino 2013"]
[Site "Belgrado SER"]
[Date "2013.07.28"]
[Round "6.56"]
[White "Novkovic, Julia"]
[Black "Balaian, Alina"]
[Result "0-1"]
[WhiteElo "2102"]
[BlackElo "2237"]
[PlyCount "104"]
[EventDate "2013.07.23"]
[EventType "swiss"]
[EventRounds "11"]
[EventCountry "SER"]
[Source "lmi"]
[SourceDate "2013.07.22"]

1. e4 e6 2. d4 d5 3. Nd2 c5 4. exd5 Qxd5 5. Ngf3 cxd4 6. Bc4 Qd6 7. Qe2 Nf6 8.
Nb3 Nc6 9. Bg5 a6 10. O-O-O b5 11. Bd3 Be7 12. Nbxd4 Nxd4 13. Nxd4 h6 14. Be3
Qc7 15. Kb1 Bb7 16. Bc1 Bd5 17. f4 O-O 18. Rhe1 Bd6 19. g3 Rfd8 20. Nf3 Qa5 21.
c4 bxc4 22. Bxc4 Rab8 23. Nd2 Bb4 24. Bxd5 Nxd5 25. Nb3 Bxe1 26. Rxe1 Qa4 27.
Bd2 Nb4 28. Bxb4 Qxb4 29. Rc1 a5 30. Rc2 a4 31. Nc1 Qd4 32. a3 Rb6 33. Na2 Qd1+
34. Nc1 Qd6 35. Ka1 Rdb8 36. Nd3 Rd8 37. Nc5 Qd4 38. Qc4 Qg1+ 39. Rc1 Rd1 40.
Rxd1 Qxd1+ 41. Ka2 Rc6 42. Qxa4 Qd5+ 43. Nb3 Rb6 44. g4 Rb8 45. h4 Kh8 46. h5
Kg8 47. g5 Kh7 48. Kb1 Qxb3 49. Qxb3 Rxb3 50. Kc2 Rb8 51. a4 hxg5 52. fxg5 f5
0-1

[Event "Europa ch Femenino 2013"]
[Site "Belgrado SER"]
[Date "2013.07.28"]
[Round "6.57"]
[White "Blagojevic, Tijana"]
[Black "Kaps, Darja"]
[Result "0-1"]
[WhiteElo "2058"]
[BlackElo "2235"]
[PlyCount "96"]
[EventDate "2013.07.23"]
[EventType "swiss"]
[EventRounds "11"]
[EventCountry "SER"]
[Source "lmi"]
[SourceDate "2013.07.22"]

1. e4 c5 2. Nf3 e6 3. d4 cxd4 4. Nxd4 Nc6 5. Nc3 Qc7 6. Be3 a6 7. Bd3 b5 8.
Nxc6 dxc6 9. a4 b4 10. Nb1 c5 11. Nd2 Bb7 12. O-O Nf6 13. Qe2 h5 14. f3 h4 15.
Nc4 Nh5 16. e5 Be7 17. Be4 O-O-O 18. a5 g5 19. Nd6+ Rxd6 20. Bxb7+ Kxb7 21.
exd6 Bxd6 22. f4 gxf4 23. Qf3+ Qc6 24. Bf2 Nf6 25. Rfd1 Qxf3 26. gxf3 Kc6 27.
c4 h3 28. Kf1 Be5 29. Rd2 Ne8 30. Re1 Bc7 31. b3 Rh5 32. Ke2 Nd6 33. Rg1 Nb7
34. Rg7 Rf5 35. Rh7 Nxa5 36. Rb2 Be5 37. Rb1 Nb7 38. Rxh3 a5 39. Rh7 Nd6 40.
Kd3 Rg5 41. Rg1 Rxg1 42. Bxg1 a4 43. Kc2 a3 44. Kb1 Nxc4 45. Rh5 Nd2+ 46. Ka2
Nxf3 47. h4 Kd5 48. Bf2 c4 0-1

[Event "Europa ch Femenino 2013"]
[Site "Belgrado SER"]
[Date "2013.07.28"]
[Round "6.58"]
[White "Kazimova, Narmin"]
[Black "Nonkovic, Bogdana"]
[Result "1-0"]
[WhiteElo "2208"]
[BlackElo "2081"]
[PlyCount "87"]
[EventDate "2013.07.23"]
[EventType "swiss"]
[EventRounds "11"]
[EventCountry "SER"]
[Source "lmi"]
[SourceDate "2013.07.22"]

1. c4 e6 2. Nf3 d5 3. d4 c5 4. e3 Nf6 5. Nc3 a6 6. cxd5 exd5 7. dxc5 Bxc5 8.
Be2 Nc6 9. O-O O-O 10. Nd4 Qd6 11. a3 Nxd4 12. exd4 Ba7 13. Bf3 Bf5 14. g3 Be4
15. Bf4 Qb6 16. Be5 Rfe8 17. Qe2 Qe6 18. Rfe1 Bxf3 19. Qxf3 Ne4 20. Rad1 Rad8
21. Nxe4 dxe4 22. Qxe4 Qb3 23. Qg4 g6 24. Bf6 Rc8 25. Qf4 Re6 26. Rc1 Rce8 27.
Rxe6 Qxe6 28. Be5 Bb6 29. h4 f6 30. Qxf6 Qxf6 31. Bxf6 Kf7 32. Be5 Ke6 33. Rc4
Re7 34. Rb4 Ba5 35. Ra4 Bd2 36. Rc4 Kd5 37. Rc2 Bh6 38. Kg2 Ke4 39. Rc3 Bd2 40.
f3+ Kd5 41. Rc5+ Ke6 42. Kf2 Bh6 43. f4 Rd7 44. Kf3 1-0

[Event "Europa ch Femenino 2013"]
[Site "Belgrado SER"]
[Date "2013.07.28"]
[Round "6.60"]
[White "Egorova, Ayyyna"]
[Black "Petrukhina, Irina"]
[Result "1-0"]
[WhiteElo "1991"]
[BlackElo "2190"]
[PlyCount "69"]
[EventDate "2013.07.23"]
[EventType "swiss"]
[EventRounds "11"]
[EventCountry "SER"]
[Source "lmi"]
[SourceDate "2013.07.22"]

1. e4 c5 2. Nf3 Nc6 3. Bb5 g6 4. Bxc6 bxc6 5. O-O Nf6 6. Re1 Bg7 7. e5 Nd5 8.
c4 Nc7 9. d4 cxd4 10. Qxd4 O-O 11. Qh4 f6 12. exf6 exf6 13. Bd2 Ne6 14. Bc3 Ba6
15. Nbd2 f5 16. Qxd8 Rfxd8 17. Bxg7 Kxg7 18. Ne5 Kf6 19. Rad1 Rac8 20. Nd3 c5
21. b3 g5 22. Nb2 Nd4 23. Nf3 Nxf3+ 24. gxf3 Bb7 25. Rd6+ Kf7 26. Nd3 Rc7 27.
Re5 Rg8 28. Nxc5 Bxf3 29. Nxd7 g4 30. Rf6+ Kg7 31. Re7+ Kh8 32. Rff7 Rg6 33.
Rf8+ Rg8 34. Rxg8+ Kxg8 35. Nf6+ 1-0

[Event "Europa ch Femenino 2013"]
[Site "Belgrado SER"]
[Date "2013.07.28"]
[Round "6.61"]
[White "Zivic, Radmila"]
[Black "Folkova, Martina"]
[Result "1/2-1/2"]
[WhiteElo "2029"]
[BlackElo "2189"]
[PlyCount "137"]
[EventDate "2013.07.23"]
[EventType "swiss"]
[EventRounds "11"]
[EventCountry "SER"]
[Source "lmi"]
[SourceDate "2013.07.22"]

1. e4 e5 2. Nf3 Nc6 3. Bc4 Bc5 4. O-O d6 5. c3 Nf6 6. d4 exd4 7. cxd4 Bb6 8. h3
h6 9. Nc3 O-O 10. Bb3 Ne7 11. g4 Ng6 12. Qd3 Nh7 13. e5 Nh4 14. Nxh4 Qxh4 15.
Bc2 g6 16. Bf4 dxe5 17. Bxe5 Ng5 18. f3 Re8 19. Bh2 Be6 20. Na4 h5 21. Nxb6
cxb6 22. d5 Rad8 23. Bb3 Qxh3 24. Rae1 Bxg4 25. Rxe8+ Rxe8 26. d6 Be6 27. d7
Rd8 28. Bxe6 Qxe6 29. Rd1 Qc6 30. Kg2 Ne6 31. Be5 Nf8 32. Qe3 Qc2+ 33. Rd2 Qf5
34. Bc3 f6 35. Qe7 Rxd7 36. Rxd7 Nxd7 37. Qe8+ Kg7 38. Qe7+ Kg8 39. Qe8+ Nf8
40. Bb4 Qc2+ 41. Kh3 Qf5+ 42. Kg2 Qg5+ 43. Kh3 Qh6 44. Bxf8 Qxf8 45. Qxg6+ Qg7
46. Qe8+ Kh7 47. Qxh5+ Qh6 48. Kg4 Kg7 49. Qxh6+ Kxh6 50. Kf5 Kg7 51. Ke6 Kg6
52. f4 b5 53. a3 b6 54. b3 a5 55. b4 a4 56. Kd5 Kf5 57. Kc6 Kxf4 58. Kxb5 Ke4
59. Kxb6 f5 60. Ka7 f4 61. b5 f3 62. b6 f2 63. b7 f1=Q 64. b8=Q Qf7+ 65. Ka6
Qb3 66. Qd6 Ke3 67. Ka5 Ke4 68. Qc6+ Qd5+ 69. Qxd5+ 1/2-1/2

[Event "Europa ch Femenino 2013"]
[Site "Belgrado SER"]
[Date "2013.07.28"]
[Round "6.62"]
[White "Cherednichenko, Elena"]
[Black "Visanescu, Daria-Ioana"]
[Result "1/2-1/2"]
[WhiteElo "2167"]
[BlackElo "2061"]
[PlyCount "81"]
[EventDate "2013.07.23"]
[EventType "swiss"]
[EventRounds "11"]
[EventCountry "SER"]
[Source "lmi"]
[SourceDate "2013.07.22"]

1. d4 Nf6 2. Nf3 g6 3. Nc3 d5 4. Bf4 Bg7 5. e3 O-O 6. Be2 Bg4 7. h3 Bxf3 8.
Bxf3 c6 9. h4 Nbd7 10. h5 Re8 11. hxg6 fxg6 12. Bh6 e5 13. Bxg7 Kxg7 14. Qd2
exd4 15. Qxd4 Qb6 16. O-O-O Qxd4 17. exd4 b5 18. Rd3 Re7 19. g4 h6 20. Nd1 Rf8
21. Rc3 Nb8 22. Rg1 Ne4 23. Re3 Rf4 24. Be2 Rff7 25. f3 Ng5 26. Rg3 Ne6 27. c3
Nf4 28. Kd2 Nd7 29. Bd3 Nf8 30. Rxe7 Rxe7 31. Rg1 Nh7 32. Ne3 Ng5 33. Rf1 a5
34. Bc2 Rb7 35. Bb3 a4 36. Bd1 Re7 37. Re1 Kf6 38. Rh1 Kg7 39. Re1 Kf6 40. Rh1
Kg7 41. Re1 1/2-1/2

[Event "Europa ch Femenino 2013"]
[Site "Belgrado SER"]
[Date "2013.07.28"]
[Round "6.64"]
[White "Vega Gutierrez, Belinda"]
[Black "Cemhan, Kardelen"]
[Result "1-0"]
[WhiteElo "2148"]
[BlackElo "2052"]
[PlyCount "137"]
[EventDate "2013.07.23"]
[EventType "swiss"]
[EventRounds "11"]
[EventCountry "SER"]
[Source "lmi"]
[SourceDate "2013.07.22"]

1. e4 e5 2. d4 Nc6 3. Nf3 exd4 4. Bc4 Nf6 5. e5 Ng4 6. O-O d6 7. Bg5 Be7 8.
Bxe7 Qxe7 9. exd6 Qxd6 10. Re1+ Be6 11. h3 Nge5 12. Bxe6 fxe6 13. Nxe5 Nxe5 14.
Qh5+ Ng6 15. Qb5+ c6 16. Qxb7 O-O 17. Qb3 Nf4 18. Nd2 Rab8 19. Qg3 d3 20. cxd3
Qxd3 21. Qxd3 Nxd3 22. Re3 Nxb2 23. Rxe6 c5 24. Rc6 Nd3 25. Ne4 Rb2 26. Rc7 Re2
27. Rd1 Nxf2 28. Nxf2 Rfxf2 29. Rd8+ Rf8 30. Rdd7 Ra8 31. Rxg7+ Kh8 32. Rxh7+
Kg8 33. Rxa7 Rxa2 34. Rxa8+ Rxa8 35. Rc7 Ra1+ 36. Kf2 Rc1 37. Kf3 c4 38. g4
Rc3+ 39. Kg2 Kh8 40. g5 Rc1 41. h4 c3 42. h5 Ra1 43. Rxc3 Ra5 44. Rg3 Kg7 45.
Kh3 Rb5 46. Kh4 Rb4+ 47. Rg4 Rb1 48. Rc4 Rh1+ 49. Kg4 Rg1+ 50. Kf5 Rf1+ 51. Rf4
Ra1 52. Rf3 Ra2 53. h6+ Kh7 54. Kg4 Rg2+ 55. Kh4 Rh2+ 56. Rh3 Ra2 57. Kh5 Ra1
58. g6+ Kg8 59. Rb3 Rh1+ 60. Kg5 Rg1+ 61. Kf5 Rf1+ 62. Ke4 Re1+ 63. Kf3 Re8 64.
Kf4 Ra8 65. Rb6 Ra4+ 66. Kg5 Ra5+ 67. Kf6 Ra8 68. Rd6 Rb8 69. Ke7 1-0

[Event "Europa ch Femenino 2013"]
[Site "Belgrado SER"]
[Date "2013.07.28"]
[Round "6.65"]
[White "Todorovic, Violeta"]
[Black "Azimova, Karina"]
[Result "0-1"]
[WhiteElo "2117"]
[BlackElo "2037"]
[PlyCount "66"]
[EventDate "2013.07.23"]
[EventType "swiss"]
[EventRounds "11"]
[EventCountry "SER"]
[Source "lmi"]
[SourceDate "2013.07.22"]

1. Nf3 Nf6 2. c4 g6 3. Nc3 Bg7 4. e4 d6 5. d4 O-O 6. Be2 e5 7. O-O exd4 8. Nxd4
Re8 9. f3 Nc6 10. Be3 Nh5 11. f4 Nf6 12. Bf3 Bg4 13. Nxc6 Bxf3 14. Qxf3 bxc6
15. f5 Qe7 16. Rae1 Nd7 17. Qg3 Qe5 18. Qh4 Rab8 19. Re2 Nc5 20. Bh6 Qd4+ 21.
Be3 Qxc4 22. f6 Bh8 23. Rf3 Rxe4 24. Nxe4 Qxe2 25. Nc3 Qxb2 26. Bd4 Qc1+ 27.
Rf1 Qc2 28. h3 Ne6 29. Re1 Qf5 30. Bxa7 Bxf6 31. Qc4 Rb2 32. Ne4 c5 33. Rf1
Bd4+ 0-1

[Event "Europa ch Femenino 2013"]
[Site "Belgrado SER"]
[Date "2013.07.28"]
[Round "6.66"]
[White "Bokuchava, Madona"]
[Black "Kaplan, Ebru"]
[Result "1/2-1/2"]
[WhiteElo "2109"]
[BlackElo "1885"]
[PlyCount "114"]
[EventDate "2013.07.23"]
[EventType "swiss"]
[EventRounds "11"]
[EventCountry "SER"]
[Source "lmi"]
[SourceDate "2013.07.22"]

1. d4 Nf6 2. Nf3 g6 3. c4 Bg7 4. Nc3 d5 5. cxd5 Nxd5 6. Bd2 O-O 7. Rc1 c6 8. e4
Nc7 9. Be3 Nd7 10. Be2 e5 11. O-O Ne6 12. d5 cxd5 13. Nxd5 Nf6 14. Qb3 Nd4 15.
Nxd4 Nxd5 16. exd5 exd4 17. Bf4 h5 18. Rfd1 b6 19. Qg3 h4 20. Qb3 Bb7 21. Bf3
g5 22. Bc7 Qd7 23. h3 Rac8 24. d6 Bxf3 25. Qxf3 f5 26. Qh5 Bf6 27. Re1 Rf7 28.
Qg6+ Kf8 29. Rcd1 Re8 30. Qh6+ Kg8 31. Rxe8+ Qxe8 32. Qg6+ Kf8 33. Qxf5 Qe2 34.
Qg4 Qxg4 35. hxg4 Ke8 36. Kf1 Kd7 37. Ke2 Be5 38. f3 Rf4 39. Bb8 Bxd6 40. Bxd6
Kxd6 41. Rc1 Rf7 42. Rc8 Re7+ 43. Kd2 Ke5 44. Rf8 Kd5 45. b3 Re5 46. Rf7 a5 47.
Rc7 Re6 48. Rg7 Re5 49. Rh7 Re6 50. Rh5 Re5 51. Rh6 Re6 52. Rh5 Re5 53. Kd3
Re3+ 54. Kd2 Re5 55. Rh8 Re6 56. Rg8 Re5 57. Rg6 Re6 1/2-1/2

[Event "Europa ch Femenino 2013"]
[Site "Belgrado SER"]
[Date "2013.07.28"]
[Round "6.67"]
[White "Martynkova, Olena"]
[Black "Khalafova, Narmin"]
[Result "1-0"]
[WhiteElo "1851"]
[BlackElo "2107"]
[PlyCount "57"]
[EventDate "2013.07.23"]
[EventType "swiss"]
[EventRounds "11"]
[EventCountry "SER"]
[Source "lmi"]
[SourceDate "2013.07.22"]

1. d4 d5 2. c4 c6 3. Nf3 Nf6 4. Nc3 e6 5. e3 Nbd7 6. Qc2 Bd6 7. Bd3 O-O 8. O-O
dxc4 9. Bxc4 a6 10. Rd1 b5 11. Be2 Qc7 12. Ne4 Nxe4 13. Qxe4 Nf6 14. Qc2 c5 15.
a3 c4 16. e4 e5 17. dxe5 Bxe5 18. Nxe5 Qxe5 19. f3 Qc5+ 20. Kh1 Bb7 21. Bd2
Rfe8 22. Bc3 Nh5 23. Qd2 Qf2 24. Qg5 f6 25. Qxh5 Qxe2 26. Rd7 Rf8 27. Rxb7 Rad8
28. Rxg7+ Kxg7 29. Qg5+ 1-0

[Event "Europa ch Femenino 2013"]
[Site "Belgrado SER"]
[Date "2013.07.28"]
[Round "6.68"]
[White "Kruljac, Petra"]
[Black "Oliveira, Maria Ines"]
[Result "1-0"]
[WhiteElo "2092"]
[BlackElo "1978"]
[PlyCount "143"]
[EventDate "2013.07.23"]
[EventType "swiss"]
[EventRounds "11"]
[EventCountry "SER"]
[Source "lmi"]
[SourceDate "2013.07.22"]

1. d4 Nf6 2. c4 e6 3. a3 d5 4. Nc3 Be7 5. cxd5 exd5 6. Bg5 Be6 7. e3 c6 8. Bd3
Nbd7 9. Qc2 Nf8 10. h3 Rc8 11. b4 Nh5 12. Bxe7 Qxe7 13. Nf3 Ng6 14. O-O O-O 15.
Na4 b6 16. Rfc1 Bd7 17. Bf5 Nf6 18. Bxd7 Qxd7 19. Nd2 Nh4 20. Qd1 Qf5 21. Rc3
Ne4 22. Nxe4 Qxe4 23. Qg4 Qxg4 24. hxg4 Ng6 25. Rac1 Ne7 26. Nb2 f6 27. Nd3 Kf7
28. g5 Ke6 29. gxf6 gxf6 30. g3 Kd7 31. Kg2 Nf5 32. Rh1 Rf7 33. a4 Nd6 34. a5
Nc4 35. axb6 axb6 36. Ra1 Ke6 37. Rc2 Re7 38. Rca2 Rf7 39. Ra7 Rfc7 40. Nf4+
Kd6 41. Nd3 Ke6 42. Kf3 Nd2+ 43. Kg4 Rg8+ 44. Kh3 Rgc8 45. R1a2 Nc4 46. Kg4
Rg8+ 47. Kf3 Rgc8 48. R2a6 Nd2+ 49. Kf4 Nc4 50. g4 Ke7 51. Kg3 Ke6 52. Kh4 f5
53. g5 b5 54. Kh5 Nd2 55. Ne5 Kd6 56. Kh6 Nc4 57. Rxc7 Rxc7 58. Rxc6+ Rxc6 59.
Nxc6 Kxc6 60. Kxh7 Nd6 61. g6 Ne8 62. g7 Nf6+ 63. Kh8 Kd6 64. g8=Q Nxg8 65.
Kxg8 Ke6 66. Kg7 f4 67. Kg6 fxe3 68. fxe3 Ke7 69. Kf5 Kd6 70. Kf6 Kc7 71. Ke7
Kc6 72. Ke6 1-0

[Event "Europa ch Femenino 2013"]
[Site "Belgrado SER"]
[Date "2013.07.28"]
[Round "6.69"]
[White "Miladinovic, Lena"]
[Black "Jacimovic, Sara"]
[Result "1/2-1/2"]
[WhiteElo "2083"]
[BlackElo "1971"]
[PlyCount "171"]
[EventDate "2013.07.23"]
[EventType "swiss"]
[EventRounds "11"]
[EventCountry "SER"]
[Source "lmi"]
[SourceDate "2013.07.22"]

1. d4 Nf6 2. Nf3 g6 3. c4 Bg7 4. Nc3 O-O 5. e4 d6 6. h3 Na6 7. Be3 c6 8. a3 Nc7
9. d5 e5 10. Be2 cxd5 11. cxd5 Bd7 12. Nd2 Nfe8 13. O-O f5 14. exf5 gxf5 15. f4
Kh8 16. Kh1 Nf6 17. Nc4 Nfe8 18. a4 Rg8 19. Rc1 Qh4 20. Qe1 Qe7 21. Qf2 b6 22.
Rfd1 e4 23. b4 Bxc3 24. Rxc3 Bxa4 25. Rd2 Nf6 26. Nb2 Be8 27. Bc4 Rg6 28. Rc1
Kg8 29. Bb3 Na6 30. Rdc2 Nxb4 31. Rc7 Bd7 32. Qe2 Kf8 33. Rd1 Qd8 34. Rcc1 a5
35. Nc4 Bb5 36. Qd2 Bxc4 37. Bxc4 Nh5 38. Qd4 Qf6 39. Qxb6 Qb2 40. Rg1 Ng3+ 41.
Kh2 Qg7 42. Ra1 Nc2 43. Rxa5 Rxa5 44. Qxa5 Nxe3 45. Qa8+ Kf7 46. Qa7+ Kg8 47.
Qxe3 Qb2 48. Ba6 Qa2 49. Qb6 Nh5 50. Qd8+ Kg7 51. Qe7+ Kh6 52. Qf8+ Ng7 53. Bf1
Qf2 54. Bb5 Qxf4+ 55. Kh1 Qe5 56. g4 fxg4 57. hxg4 Rxg4 58. Rxg4 Qh5+ 59. Kg1
Qxg4+ 60. Kh2 Qh5+ 61. Kg1 Qg5+ 62. Kh1 Qc1+ 63. Kh2 Qb2+ 64. Kh3 Qe5 65. Kg2
e3 66. Be2 Qxd5+ 67. Bf3 Qe5 68. Kf1 d5 69. Qd8 Nf5 70. Qf8+ Ng7 71. Qd8 d4 72.
Qh4+ Nh5 73. Bxh5 Qxh5 74. Qf6+ Qg6 75. Qh4+ Kg7 76. Qxd4+ Kf7 77. Qxe3 h5 78.
Qa7+ Kf8 79. Qb8+ Kg7 80. Qc7+ Kf8 81. Qd8+ Kf7 82. Qd7+ Kg8 83. Qd8+ Kg7 84.
Qc7+ Qf7+ 85. Qxf7+ Kxf7 86. Kg2 1/2-1/2

[Event "Europa ch Femenino 2013"]
[Site "Belgrado SER"]
[Date "2013.07.28"]
[Round "6.70"]
[White "Korchagina, Viktoria"]
[Black "Serefidou, Despina"]
[Result "1-0"]
[WhiteElo "2068"]
[BlackElo "1971"]
[PlyCount "75"]
[EventDate "2013.07.23"]
[EventType "swiss"]
[EventRounds "11"]
[EventCountry "SER"]
[Source "lmi"]
[SourceDate "2013.07.22"]

1. e4 c5 2. Nf3 d6 3. d4 cxd4 4. Nxd4 Nf6 5. Nc3 a6 6. f3 Qb6 7. Nb3 e6 8. Bf4
Nh5 9. Bd2 Be7 10. Qe2 Nc6 11. O-O-O Nf6 12. Kb1 Qc7 13. g4 b5 14. g5 Nd7 15.
f4 Nb6 16. Qf2 b4 17. Ne2 e5 18. fxe5 Nxe5 19. Ned4 Nbc4 20. Bxc4 Nxc4 21. Nf5
O-O 22. Bf4 a5 23. Nbd4 Ba6 24. Nc6 Bd8 25. Nxd8 Rfxd8 26. Qd4 Ne5 27. Nxd6 Nc6
28. Qxg7+ Kxg7 29. Nf5+ Kg6 30. Bxc7 Rxd1+ 31. Rxd1 Kxg5 32. h4+ Kg4 33. Rd6
Bb7 34. Rf6 Nd8 35. Nd6 Kxh4 36. b3 Bc6 37. Bxd8 Rxd8 38. Nf5+ 1-0